Las civilizaciones actuales: estudio de historia económica y social

Guardat en:
Dades bibliogràfiques
Autor principal: Braudel, Fernand (Autor)
Format: Llibre
Idioma:espanyol
Publicat: Madrid Tecnos 1966
Matèries:
Etiquetes: Afegir etiqueta
Sense etiquetes, Sigues el primer a etiquetar aquest registre!

MARC

LEADER 00000nam a2200000 a 4500
001 UCP4347
003 CL-VaPUC
008 990724e19660000SP |||||||||||||||||spa|d
082 0 4 |a 909.8  |b BRA  |2 21 
100 0 |a Braudel, Fernand  |e author  |9 431810 
245 1 4 |a Las civilizaciones actuales: estudio de historia económica y social 
300 |a 497 p 
942 |c BK 
945 |d 19990724 00:00:00  |a crobeson 
260 |a Madrid  |b Tecnos  |c 1966 
650 0 |a Civilización   |9 255823 
650 7 |a HISTORIA SIGLOS 19 - 20  |2 CL-VaPUC  |9 315242 
650 0 |a Cultura  |9 269059 
651 7 |a ORIENTE  |2 CL-VaPUC  |9 266721 
651 0 |a Europa  |9 255156 
651 0 |a Estados Unidos  |9 255178 
651 7 |a URSS  |2 CL-VaPUC  |9 267696 
583 |a last modification  |c 19990724 00:00:00  |k Rodrigo Vera 
999 |c 282331  |d 282329 
952 |0 0  |1 0  |4 0  |6 909_800000000000000_BRA_1966  |7 0  |8 A  |9 323983  |a BIBHIS  |b BIBHIS  |d 2019-11-20  |i 1353950  |o 909.8 BRA 1966  |p 1353950  |r 2025-01-20  |w 2019-11-20  |y BK  |k HIS